| 000 | 00417nam a2200145 a 4500 | ||
|---|---|---|---|
| 005 | 20210219150311.0 | ||
| 008 | 991125s1987 bar 000 0 spa u | ||
| 035 | _aUPN01000011411 | ||
| 049 | _aC | ||
| 050 | 4 |
_aBF721 _bC65 |
|
| 245 | 0 | 0 |
_aConsultor de psicología infantil y juvenil : _bel desarrollo del niño / _cDirec. Carlos Gispert |
| 260 |
_aBarcelona Esp. : _bOcéano, _c1987 |
||
| 300 | _a3 v. | ||
| 905 | _aLibro | ||
| 999 |
_c11411 _d11411 |
||